Computer oriented business systems
সংরক্ষণ করুন:
| প্রধান লেখক: | |
|---|---|
| বিন্যাস: | গ্রন্থ |
| ভাষা: | Undetermined |
| প্রকাশিত: |
New Yersey
Prentice Hall
1968
|
| বিষয়গুলি: | |
| ট্যাগগুলো: |
ট্যাগ যুক্ত করুন
কোনো ট্যাগ নেই, প্রথমজন হিসাবে ট্যাগ করুন!
|
| Thư viện lưu trữ: | Trung tâm Học liệu Trường Đại học Cần Thơ |
|---|
| LEADER | 00512nam a2200181Ia 4500 | ||
|---|---|---|---|
| 001 | CTU_82657 | ||
| 008 | 210402s9999 xx 000 0 und d | ||
| 082 | |a 651.8 | ||
| 082 | |b B778 | ||
| 100 | |a Boutell, Wayne S. | ||
| 245 | 0 | |a Computer oriented business systems | |
| 245 | 0 | |c Wayne S. Boutell | |
| 260 | |a New Yersey | ||
| 260 | |b Prentice Hall | ||
| 260 | |c 1968 | ||
| 650 | |a Information storage and retrieval systems | ||
| 904 | |i QHieu(sửa) | ||
| 980 | |a Trung tâm Học liệu Trường Đại học Cần Thơ | ||